| 000 | 01294nam a22002657a 4500 | ||
|---|---|---|---|
| 003 | OSt | ||
| 005 | 20240419180018.0 | ||
| 008 | 240419b ||||| |||| 00| 0 spa d | ||
| 020 | _a9789585309456 | ||
| 040 | _cCO-Mq BPB | ||
| 082 |
_aN _bORT15 |
||
| 100 |
_aOrtiz Franco, Leonardo _eAutor |
||
| 245 | _aPelo de Páramo | ||
| 250 | _aEdición especial | ||
| 264 |
_aBogotá _bPalabra Libre _c2023 |
||
| 300 |
_a164 páginas: _bilustraciones a color, tapa rustica _c19 cm |
||
| 490 | _aPlan Nacional de Lectura y Escritura Leer es mi Cuento / Ministerio de Cultura | ||
| 521 | _aAbril, una niña que nace de un frailejón y tiene poderes especiales, conoce a Ángel, un niño citadino de padres separados que sufre de miedo y soledad. Se hacen amigos y viven una aventura llena de enigmas, viajes y ocurrencias. Pelo de Páramo es una historia fantástica que resalta la importancia de la naturaleza y la amistad como ejes formadores de una infancia sana, con innumerables artistas que surgen gracias al amor y la vida en familia. | ||
| 521 | _aRecomendado para público infantil | ||
| 650 |
_aNovela infantil colombiana _ySiglo XXI |
||
| 650 | _aHistorias de aventuras | ||
| 650 | _aAmistad en la literatura | ||
| 700 |
_aLondoño, Laura Nataly _eilustradora |
||
| 942 |
_2ddc _cBKLIT |
||
| 999 |
_c15423 _d15423 |
||